The tracker (Record no. 80781)

MARC details
000 -LEADER
fixed length control field 01173cab a22002055a 4500
001 - CONTROL NUMBER
control field L145335
008 - FIXED-LENGTH DATA ELEMENTS--GENERAL INFORMATION
fixed length control field 080930e20080919xxkd f s 000 0 eng d
035 ## - SYSTEM CONTROL NUMBER
System control number (Sirsi) u145335
041 0# - LANGUAGE CODE
Language code of text/sound track or separate title eng
110 2# - MAIN ENTRY--CORPORATE NAME
Corporate name or jurisdiction name as entry element Experian Business Strategies
9 (RLIN) 4789
245 04 - TITLE STATEMENT
Title The tracker
Remainder of title bottoming out?
260 ## - PUBLICATION, DISTRIBUTION, ETC.
Date of publication, distribution, etc. 2008
490 ## - SERIES STATEMENT
Series statement Building Magazine
Volume/sequential designation 273(8547) 19 September 2008, 70-71(2)
520 ## - SUMMARY, ETC.
Summary, etc. The Experian Business Strategies' "Focus survey of construction activity" of July 2008 reveals that the industry remained fragile during the month. Predicts a slow rise to construction activity in September and October 2008. The non-residential sector was the strongest in July, but experiences difficulties. Explains that the civil engineering sector index improved slightly while the residential sector index slightly decreased. Regional results were mixed, with Scotland's index the strongest and North-east's index second. Northern Ireland's index experienced a sharp fall. Shows the regional performances.
590 ## - LOCAL NOTE (RLIN)
Local note KA
650 24 - SUBJECT ADDED ENTRY--TOPICAL TERM
Topical term or geographic name entry element EXPERIAN CONSTRUCTION INDUSTRY FOCUS
651 #4 - SUBJECT ADDED ENTRY--GEOGRAPHIC NAME
Geographic name United Kingdom
Chronological subdivision
690 ## - LOCAL SUBJECT ADDED ENTRY--TOPICAL TERM (OCLC, RLIN)
Topical term or geographic name as entry element BUILT ENVIRONMENT-CONSTRUCTION MARKET
942 ## - ADDED ENTRY ELEMENTS (KOHA)
Suppress in OPAC 0
Holdings
Withdrawn status Lost status Source of classification or shelving scheme Damaged status Not for loan Home library Current library Shelving location Date acquired Total Checkouts Full call number Barcode Date last seen Copy number Price effective from Koha item type
    Dewey Decimal Classification     London London Journal article 30/09/2008   L145335 145335-1001 06/08/2019 1 06/08/2019 Journal article